00494nam a2200181Ia 450000500170000000800410001702000220005804100080008008200150008810000130010324500670011625000120018326000380019530000090023350000290024265000280027170000130029920251121144957.0230125s9999 xx 000 0 und d a978-81-321-1371-3 aeng a158.1bVIE aVieira W aThe Winning ManagerbTimeless principles for Corporate Success aEd.2nd. c2014bSage publicationaNew Delhi a217p aPersonality Development  aPersonality Development aVieira W